000 00649 a2200193 4500
020 _a0782121810
040 _aDLC
_bDLC
082 0 0 _a621.39/16/076
100 1 _aGroth, David.
245 1 0 _aA+ Core Module study guide
_cDavid Groth.
250 _a1st ed.
260 _aSan Francisco, CA :
_bSybex, Inc.,
_cc1998.
300 _axxxi, 815 p. :
_bill. ;
_c24 cm.
500 _aIncludes index.
610 2 0 _aComputing Technology Industry Association
_xExaminations
_xStudy guides.
650 0 _aComputer technicians
_xCertification.
650 0 _aMicrocomputers
_xMaintenance and repair
_xExaminations
_xStudy guides.
942 _cBK
_k621.3916076 GRO
_2ddc
999 _c8479
_d8479